000 00714nas a2200217 4500
001 BR9502097
003 BR-BrBNA
005 20231205094318.0
007 ta
008 230509b bl.|||p| |||| 00| 00por d
040 _aBR-BrBNA
_bpor
_cBiblioteca Nacional de Agricultura
041 _a(Pt)
072 _aF50
100 1 _aMendonca, M.S. de
245 1 _aEstudo de plantas laticiferas. 2. aspectos anatomicos e distribuicao de vasos laticiferos em Manihot glaziovii Muller Arg.
650 _aManicoba
650 _aMorfologia Vegetal
773 0 _tActa Amazonica (Brazil)
_xISSN 0044-5967
_g(Jul-Sep 1992), v. 22(3) p. 309-321
_wBR9502097
909 _a202311
_bLúcia
_c55
_dLúcia Elande
942 _2AGRIS
_n0
_cANA
999 _c143504
_d143504